<?xml version="1.0" encoding="UTF-8"?>
<record
    xmlns:xsi="http://www.w3.org/2001/XMLSchema-instance"
    xsi:schemaLocation="http://www.loc.gov/MARC21/slim http://www.loc.gov/standards/marcxml/schema/MARC21slim.xsd"
    xmlns="http://www.loc.gov/MARC21/slim">

  <leader>03104nam a22003617a 4500</leader>
  <controlfield tag="005">2009121507187.0</controlfield>
  <datafield tag="010" ind1=" " ind2=" ">
    <subfield code="a">B-370232-240  B-444626</subfield>
  </datafield>
  <datafield tag="020" ind1=" " ind2=" ">
    <subfield code="c">80.00</subfield>
    <subfield code="a">9788179915172</subfield>
  </datafield>
  <datafield tag="035" ind1=" " ind2=" ">
    <subfield code="a">B-370232-240  B-444626</subfield>
  </datafield>
  <datafield tag="037" ind1=" " ind2=" ">
    <subfield code="b">Popular Parakashan </subfield>
  </datafield>
  <datafield tag="037" ind1=" " ind2=" ">
    <subfield code="b">Blue Berry/Ven</subfield>
  </datafield>
  <datafield tag="082" ind1=" " ind2=" ">
    <subfield code="a">531.113</subfield>
  </datafield>
  <datafield tag="100" ind1=" " ind2=" ">
    <subfield code="a">Plummer, Todd </subfield>
    <subfield code="9">37515</subfield>
  </datafield>
  <datafield tag="245" ind1=" " ind2=" ">
    <subfield code="a">Eureka! I've discovered force:</subfield>
    <subfield code="b">meet the people who revealed the wonders of force! /</subfield>
    <subfield code="c">by Todd Plummer ; illustrated by Amit Tayal...[et al].</subfield>
  </datafield>
  <datafield tag="260" ind1=" " ind2=" ">
    <subfield code="b">Popular Prakashan</subfield>
    <subfield code="c">2009</subfield>
    <subfield code="a">Mumbai </subfield>
  </datafield>
  <datafield tag="270" ind1=" " ind2=" ">
    <subfield code="a">301, Mahalaxmi, 22, Bhulabhai Desai Road, </subfield>
    <subfield code="b">Mumbai </subfield>
    <subfield code="e">400026</subfield>
  </datafield>
  <datafield tag="300" ind1=" " ind2=" ">
    <subfield code="a">32p.:</subfield>
    <subfield code="b">col. ill. </subfield>
    <subfield code="c">28cm(pbk) </subfield>
  </datafield>
  <datafield tag="490" ind1=" " ind2=" ">
    <subfield code="a">Brainworks a kangaroo kids initiative series; edited by Jessica Cohn  </subfield>
    <subfield code="9">37516</subfield>
  </datafield>
  <datafield tag="500" ind1=" " ind2=" ">
    <subfield code="a">Includes glossary and index </subfield>
  </datafield>
  <datafield tag="942" ind1=" " ind2=" ">
    <subfield code="2">ddc</subfield>
    <subfield code="c">CH</subfield>
    <subfield code="m">PLU</subfield>
    <subfield code="h">531.113</subfield>
  </datafield>
  <datafield tag="999" ind1=" " ind2=" ">
    <subfield code="c">32900</subfield>
    <subfield code="d">32900</subfield>
  </datafield>
  <datafield tag="952" ind1=" " ind2=" ">
    <subfield code="0">0</subfield>
    <subfield code="1">0</subfield>
    <subfield code="2">ddc</subfield>
    <subfield code="4">0</subfield>
    <subfield code="7">0</subfield>
    <subfield code="8">NFIC</subfield>
    <subfield code="a">L</subfield>
    <subfield code="b">L</subfield>
    <subfield code="d">2010-05-22</subfield>
    <subfield code="e">Popular Parakashan /I/09-10/1373/4.2.10/166/27.1.2010/4.2.10</subfield>
    <subfield code="g">80.00</subfield>
    <subfield code="l">0</subfield>
    <subfield code="o">531.113 PLU</subfield>
    <subfield code="p">B-370232</subfield>
    <subfield code="r">2010-05-22 00:00:00</subfield>
    <subfield code="t">1</subfield>
    <subfield code="v">80.00</subfield>
    <subfield code="w">2010-05-22</subfield>
    <subfield code="y">CH</subfield>
  </datafield>
  <datafield tag="952" ind1=" " ind2=" ">
    <subfield code="0">0</subfield>
    <subfield code="1">5</subfield>
    <subfield code="4">0</subfield>
    <subfield code="7">0</subfield>
    <subfield code="8">NFIC</subfield>
    <subfield code="a">BL1</subfield>
    <subfield code="b">BL1</subfield>
    <subfield code="d">2010-05-22</subfield>
    <subfield code="e">Popular Parakashan /I/09-10/1373/4.2.10/166/27.1.2010/4.2.10</subfield>
    <subfield code="g">80.00</subfield>
    <subfield code="l">0</subfield>
    <subfield code="o">531.113 PLU</subfield>
    <subfield code="p">B-370233</subfield>
    <subfield code="r">2010-05-22 00:00:00</subfield>
    <subfield code="t">1</subfield>
    <subfield code="v">80.00</subfield>
    <subfield code="y">CH</subfield>
  </datafield>
  <datafield tag="952" ind1=" " ind2=" ">
    <subfield code="0">1</subfield>
    <subfield code="1">0</subfield>
    <subfield code="2">ddc</subfield>
    <subfield code="4">0</subfield>
    <subfield code="7">0</subfield>
    <subfield code="8">NFIC</subfield>
    <subfield code="a">JP</subfield>
    <subfield code="b">JP</subfield>
    <subfield code="d">2010-05-22</subfield>
    <subfield code="e">Popular Parakashan /I/09-10/1373/4.2.10/166/27.1.2010/4.2.10</subfield>
    <subfield code="g">80.00</subfield>
    <subfield code="l">11</subfield>
    <subfield code="o">531.113 PLU</subfield>
    <subfield code="p">B-370234</subfield>
    <subfield code="r">2013-06-04 00:00:00</subfield>
    <subfield code="s">2013-05-23</subfield>
    <subfield code="t">1</subfield>
    <subfield code="v">80.00</subfield>
    <subfield code="w">2010-05-22</subfield>
    <subfield code="y">CH</subfield>
  </datafield>
  <datafield tag="952" ind1=" " ind2=" ">
    <subfield code="0">0</subfield>
    <subfield code="1">0</subfield>
    <subfield code="2">ddc</subfield>
    <subfield code="4">0</subfield>
    <subfield code="7">0</subfield>
    <subfield code="8">NFIC</subfield>
    <subfield code="a">ZLS</subfield>
    <subfield code="b">ZLS</subfield>
    <subfield code="d">2010-05-22</subfield>
    <subfield code="e">Popular Parakashan /I/09-10/1373/4.2.10/166/27.1.2010/4.2.10</subfield>
    <subfield code="g">80.00</subfield>
    <subfield code="l">0</subfield>
    <subfield code="o">531.113 PLU</subfield>
    <subfield code="p">B-370235</subfield>
    <subfield code="r">2010-05-22 00:00:00</subfield>
    <subfield code="t">1</subfield>
    <subfield code="v">80.00</subfield>
    <subfield code="w">2010-05-22</subfield>
    <subfield code="y">CH</subfield>
  </datafield>
  <datafield tag="952" ind1=" " ind2=" ">
    <subfield code="0">0</subfield>
    <subfield code="1">5</subfield>
    <subfield code="4">0</subfield>
    <subfield code="7">0</subfield>
    <subfield code="8">NFIC</subfield>
    <subfield code="a">VP</subfield>
    <subfield code="b">VP</subfield>
    <subfield code="d">2010-05-22</subfield>
    <subfield code="e">Popular Parakashan /I/09-10/1373/4.2.10/166/27.1.2010/4.2.10</subfield>
    <subfield code="g">80.00</subfield>
    <subfield code="l">1</subfield>
    <subfield code="o">531.113 PLU</subfield>
    <subfield code="p">B-370236</subfield>
    <subfield code="r">2011-11-28 00:00:00</subfield>
    <subfield code="s">2011-11-16</subfield>
    <subfield code="t">1</subfield>
    <subfield code="v">80.00</subfield>
    <subfield code="y">CH</subfield>
  </datafield>
  <datafield tag="952" ind1=" " ind2=" ">
    <subfield code="0">0</subfield>
    <subfield code="1">0</subfield>
    <subfield code="2">ddc</subfield>
    <subfield code="4">0</subfield>
    <subfield code="7">0</subfield>
    <subfield code="8">NFIC</subfield>
    <subfield code="a">BL3</subfield>
    <subfield code="b">BL3</subfield>
    <subfield code="d">2010-05-22</subfield>
    <subfield code="e">Popular Parakashan /I/09-10/1373/4.2.10/166/27.1.2010/4.2.10</subfield>
    <subfield code="g">80.00</subfield>
    <subfield code="l">0</subfield>
    <subfield code="o">531.113 PLU</subfield>
    <subfield code="p">B-370237</subfield>
    <subfield code="r">2010-05-22 00:00:00</subfield>
    <subfield code="t">1</subfield>
    <subfield code="v">80.00</subfield>
    <subfield code="w">2010-05-22</subfield>
    <subfield code="y">CH</subfield>
  </datafield>
  <datafield tag="952" ind1=" " ind2=" ">
    <subfield code="0">0</subfield>
    <subfield code="1">5</subfield>
    <subfield code="4">0</subfield>
    <subfield code="7">0</subfield>
    <subfield code="8">NFIC</subfield>
    <subfield code="a">NR</subfield>
    <subfield code="b">NR</subfield>
    <subfield code="d">2010-05-22</subfield>
    <subfield code="e">Popular Parakashan /I/09-10/1373/4.2.10/166/27.1.2010/4.2.10</subfield>
    <subfield code="g">80.00</subfield>
    <subfield code="l">0</subfield>
    <subfield code="o">531.113 PLU</subfield>
    <subfield code="p">B-370238</subfield>
    <subfield code="r">2010-05-22 00:00:00</subfield>
    <subfield code="t">1</subfield>
    <subfield code="v">80.00</subfield>
    <subfield code="y">CH</subfield>
  </datafield>
  <datafield tag="952" ind1=" " ind2=" ">
    <subfield code="0">0</subfield>
    <subfield code="1">0</subfield>
    <subfield code="2">ddc</subfield>
    <subfield code="4">0</subfield>
    <subfield code="7">0</subfield>
    <subfield code="8">NFIC</subfield>
    <subfield code="a">BN</subfield>
    <subfield code="b">BN</subfield>
    <subfield code="d">2010-05-22</subfield>
    <subfield code="e">Popular Parakashan /I/09-10/1373/4.2.10/166/27.1.2010/4.2.10</subfield>
    <subfield code="g">80.00</subfield>
    <subfield code="l">0</subfield>
    <subfield code="o">531.113 PLU</subfield>
    <subfield code="p">B-370239</subfield>
    <subfield code="r">2010-05-22 00:00:00</subfield>
    <subfield code="t">1</subfield>
    <subfield code="v">80.00</subfield>
    <subfield code="w">2010-05-22</subfield>
    <subfield code="y">CH</subfield>
  </datafield>
  <datafield tag="952" ind1=" " ind2=" ">
    <subfield code="0">0</subfield>
    <subfield code="1">5</subfield>
    <subfield code="4">0</subfield>
    <subfield code="7">0</subfield>
    <subfield code="8">NFIC</subfield>
    <subfield code="a">BL4</subfield>
    <subfield code="b">BL4</subfield>
    <subfield code="d">2010-05-22</subfield>
    <subfield code="e">Popular Parakashan /I/09-10/1373/4.2.10/166/27.1.2010/4.2.10</subfield>
    <subfield code="g">80.00</subfield>
    <subfield code="l">0</subfield>
    <subfield code="o">531.113 PLU</subfield>
    <subfield code="p">B-370240</subfield>
    <subfield code="r">2010-05-22 00:00:00</subfield>
    <subfield code="t">1</subfield>
    <subfield code="v">80.00</subfield>
    <subfield code="y">CH</subfield>
  </datafield>
  <datafield tag="952" ind1=" " ind2=" ">
    <subfield code="0">0</subfield>
    <subfield code="1">0</subfield>
    <subfield code="4">0</subfield>
    <subfield code="7">0</subfield>
    <subfield code="8">NFIC</subfield>
    <subfield code="a">ZLS</subfield>
    <subfield code="b">ZLS</subfield>
    <subfield code="d">2011-12-23</subfield>
    <subfield code="e">Blue Berry/7042/29.9.11/83/21.3.11/12.10.11</subfield>
    <subfield code="g">80.00</subfield>
    <subfield code="l">1</subfield>
    <subfield code="o">531.113 PLU</subfield>
    <subfield code="p">B-444626</subfield>
    <subfield code="r">2019-01-16 00:00:00</subfield>
    <subfield code="s">2019-01-05</subfield>
    <subfield code="t">1</subfield>
    <subfield code="v">80.00</subfield>
    <subfield code="y">CH</subfield>
  </datafield>
</record>
